Rozvoj franchisingovej siete Premio diplomová práca

Enregistré dans:
Détails bibliographiques
Auteur principal: Kundrátová, Veronika
Collectivité auteur: Obchodná fakulta EU. Katedra marketingu
Autres auteurs: Orgonáš, Jozef, 1957-
Format: Livre
Langue:slovaque
Publié: Bratislava 2015
Tags: Ajouter un tag
Pas de tags, Soyez le premier à ajouter un tag!

MARC

LEADER 00000nbm a2200000 4500
001 0203088
005 20161212104141.9
041 0 |a slo 
044 |a SK 
245 1 0 |a Rozvoj franchisingovej siete Premio  |b diplomová práca  |c Veronika Kundrátová ; školiteľ: Jozef Orgonáš 
264 1 |a Bratislava  |c 2015 
300 |a 67 s. 
100 1 |a Kundrátová, Veronika 
700 1 |a Orgonáš, Jozef, 1957- 
710 2 |a Obchodná fakulta EU. Katedra marketingu